Návrh využitia aktuálnych trendov marketingovej komunikácie v prezentácii značky ALCHEM spol. s r.o.

Gespeichert in:
Bibliographische Detailangaben
1. Verfasser: Otrísal, Erik (Verfasst von)
Weitere Verfasser: Babčanová, Dagmar (Betreuung Doktorarbeit)
Format: Manuskript Buch
Sprache:Slowakisch
Veröffentlicht: 2021
Schlagworte:
Online-Zugang:http://is.stuba.sk/zp/portal_zp.pl?podrobnosti=151293
Tags: Tag hinzufügen
Keine Tags, Fügen Sie das erste Tag hinzu!

MARC

LEADER 00000ntm a22000003a 4500
001 stuzp78179
003 SK-STU
005 20210612210333.9
007 ta
008 150427s2015----xo-----f-mn---000-0-slo-d
040 |a STU  |b slo 
041 0 |a slo 
100 1 |a Otrísal, Erik  |u 064000  |k Z4  |4 aut  |U MTF Materiálovotechnologická fakulta  |T MTF Ústav priemyselného inžinierstva a manažmentu  |X 77390  |U M4000  |Y 84  |7 77390 
242 0 1 |a Proposal of Using Current Trends of Marketing Communication in the Presentation of the Brand ALCHEM Ltd.  |y eng 
245 1 0 |a Návrh využitia aktuálnych trendov marketingovej komunikácie v prezentácii značky ALCHEM spol. s r.o. 
260 |c 2021 
650 4 |a digitálny marketing  |2 slo 
650 4 |a marketingová komunikácia  |2 slo 
650 4 |a reklama  |2 slo 
650 4 |a Marketing Communication  |2 eng 
650 4 |a Advertising  |2 eng 
650 4 |a Digital Marketing  |2 eng 
700 1 |a Babčanová, Dagmar  |u 064000  |k Z1  |4 ths  |U MTF Materiálovotechnologická fakulta  |T MTF Ústav priemyselného inžinierstva a manažmentu  |X 2819  |U M4000  |Y 84  |7 A000002819 
856 4 |u http://is.stuba.sk/zp/portal_zp.pl?podrobnosti=151293 
996 |c M* DP-14737  |l MMSKP  |s P  |a 0  |w stuzp78179_0001